Statistics for MLB Players by Picture (Hard) Pt.2

Click here to take the quiz!

General Stats

  • This quiz has been taken 13 times
  • The average score is 15 of 50

Answer Stats

Answer% Correct
Jason Heyward
100%
Matt Chapman
70%
A.J Minter
60%
Gregory Soto
60%
Livan Soto
60%
Ji Hwan Bae
50%
Travis Jankowski
50%
Trent Grisham
50%
Austin Nola
40%
Brendan Rodgers
40%
Bryan Abreu
40%
Grant Anderson
40%
Jean Segura
40%
Jordan Westburg
40%
Kyle Freeland
40%
Mike Yastrzemski
40%
Myles Straw
40%
Parker Meadows
40%
Rougned Odor
40%
Sean Newcomb
40%
Tim Anderson
40%
Yency Almonte
40%
Gavin Stone
30%
Jake Odorizzi
30%
Jesus Sanchez
30%
Michael Soroka
30%
Stone Garrett
30%
Tyler Soderstrom
30%
Adrian Houser
20%
Adrian Morejon
20%
Brendan Donovan
20%
Ceddanne Rafaela
20%
Emerson Hancock
20%
Luis Rengifo
20%
Luke Raley
20%
Miles Mastrobuoni
20%
Nick Martinez
20%
Zack McKinstry
20%
D.J Stewart
10%
Freddy Fermin
10%
Gabriel Arias
10%
Jacob Young
10%
Luke Maile
10%
Nick Solak
10%
Rene Pinto
10%
Steven Okert
10%
Cade Marlowe
0%
Jake Alu
0%
Julian Merryweather
0%
Victor Caritini
0%

Score Distribution

Percentile by Number Answered

Percent of People with Each Score

Your Score History

You have not taken this quiz